Responses for Show #2218 - Wednesday, April 6, 1994

Contestants

[<< previous game]

Sandy Zusmann, a marketing manager from Atlanta, Georgia

Jean Smith, an elementary school teacher from Philadelphia, Pennsylvania

Ali Vaezy, a medical student from Lexington, Kentucky (whose 2-day cash winnings total $27,300)

[next game >>]

Jeopardy! Round responses

GREEK MYTHOLOGY
NURSERY RHYMES
DELI DINING
THE COLD WAR
SPOTS
QUOTATIONS
    $100 6
the Minotaur

Ali
    $100 12
piggy

Sandy
    $100 14
a bagel

Sandy
    $100 1
de Gaulle

Jean
    $100 15
(Ali: What is the leopard?)

a hyena

AliSandy
    $100 7
The Doors

Sandy
    $200 16
Poseidon

Sandy
    $200 13
Blind Man's Bluff (Blind Man's Buff)

Jean
    $200 30
blintzes

Sandy
    $200 2
the Hot Line

Ali
    $200 23
hit the spot

Sandy
    $200 8
Nelson Mandela

Ali
    $300 20
Achilles

Sandy
    $300 27
Jack Sprat

Jean
    $300 21
borscht

Sandy
    $300 3
an Iron Curtain

Ali
    $300 18
One Hundred and One Dalmatians

Sandy
    $300 9
the United States

Sandy
    $400 26
(Ali: What is the golden apple?)
[Originally ruled incorrect; reversed before Double Jeopardy!]

the Golden Apples of the Hesperides

Ali
    $400 17
a pipe

Sandy
    $400 29
gefilte fish

Jean
    $400 4
Berlin

Sandy
    $400 24
Lady Macbeth

Ali
    $400 10
You're OK

Jean
    $500 22
Bacchus

Jean
    $500 28
parsley, sage, rosemary & thyme

Jean
    $500 19
a Reuben

Jean
    $400 5
(Sandy: Who is Brezhnev?)

Alexei Kosygin

Sandy
    $500 25
the Ink Spots

Jean
    $500 11
Jimmy Carter

Sandy

Scores at the first commercial break (after clue 15):

Ali Jean Sandy
$700 $700 $1,200

Scores at the end of the Jeopardy! Round:

Ali Jean Sandy
$1,500 $3,400 $3,100

Double Jeopardy! Round responses

RULERS
THE BIBLE
HEALTH & MEDICINE
U.S. GEOGRAPHY
"ROOT"s
BARRYS
    $200 1
Ivan the Terrible

Jean
    $200 5
Paul

Sandy
    $200 7
chicken pox

Sandy
    $200 14
the Tennessee

Sandy
    $200 10
the square root

Sandy
    $200 27
Barry Goldwater

Ali
    $400 2
Queen Isabella

Sandy
    $400 6
(Ali: Who is Samson?)

Goliath

AliSandy
    $400 9
California

Sandy
    $400 15
Baltimore

Sandy
    $400 19
a root cellar

Jean
    $1,200 29
Barry White

Sandy
    $600 3
Henry VIII

Jean
    $600 30
Luke

Ali
    $600 11
tennis elbow

Ali
    $600 22
Michigan

Jean
    $600 28
a root canal

Sandy
    $600 26
Jack Barry

Sandy
    $800 4
Cheops (or Khufu)

Sandy
    $800 16
Deborah

Ali
    $800 12
(Ali: What is the ear?)
(Jean: What is the throat?)

The tongue

AliJean
Triple Stumper
    $800 23
(Sandy: What is Long Island?)

Nantucket

Sandy
Triple Stumper
    $800 20
a taproot

Triple Stumper
    $800 17
Barry Lyndon

Ali
    $1000 8
Alfred (the Great)

Ali
    $1000 25
Endor

Jean
    $1000 13
the eyes

Triple Stumper
    $2,000 24
(Jean: What is Galveston?)
...
(Alex: We've got about a minute to go.)

Padre Island

Jean
    $1000 21
Elihu Root

Jean
    $1000 18
Barry Diller

Sandy

Scores at the end of the Double Jeopardy! Round:

Ali Jean Sandy
$4,300 $4,400 $8,900
(lock game)

[wagering suggestions for these scores]

Final Jeopardy! Round responses

WOMEN AUTHORS
AliWho is V. Woolf?
$4,299
JeanWho is Virginia Woolf?
$4,400
SandyWho is Edna St. Vincent Millay
$99
Virginia Woolf

Final scores:

Ali Jean Sandy
$8,599 $8,800 $8,801
3rd place: Pinseeker golf clubs + Wheel of Fortune & Jeopardy! games for the Super Nintendo & Sega Genesis 2nd place: trip to Fort Myers, Florida New champion: $8,801

Game dynamics:

Coryat scores:

Ali Jean Sandy
$4,300 $6,400 $8,500
12 R,
3 W
15 R,
2 W
(including 1 DD)
27 R
(including 1 DD),
2 W
(including 1 DD)

Combined Coryat: $19,200

[game clues] [game scores] [suggest correction]

Game tape date: 1994-01-10
The J! Archive is created by fans, for fans. Scraping, republication, monetization, and malicious use prohibited; this site may use cookies and collect identifying information. See terms. The Jeopardy! game show and all elements thereof, including but not limited to copyright and trademark thereto, are the property of Jeopardy Productions, Inc. and are protected under law. This website is not affiliated with, sponsored by, or operated by Jeopardy Productions, Inc. Join the discussion at JBoard.tv.